000 00616nam a2200229 a 4500
001 001115815
003 AM-YeHGA
005 20250617151837.0
008 151125s2015 njua r 000 0 eng d
020 _a9789814618373
040 _aAM-YeHGA
041 0 _aeng
100 1 _aRowlands, Peter
245 1 4 _aThe foundations of physical law /
_cPeter Rowlands.
260 _aNew Jersey :
_bWorld Scientific,
_c2015.
300 _a247 p. :
_bill.
504 _aIncludes bibliogr. references (p. 225-226)
650 1 4 _aPhysics
650 1 4 _aMathematical physics
650 1 4 _aQuantum theory
090 _c360844
999 _c359019
_d359019